Catálogo Biblioteca Central

La visión neoconservadora de las relaciones internacionales y la política exterior de los Estados Unidos (Registro nro. 204115)

Detalles MARC
000 -CABECERA
campo de control de longitud fija 02253nam a2200277 i 4500
001 - NÚMERO DE CONTROL
campo de control 204115
003 - IDENTIFICADOR DEL NÚMERO DE CONTROL
campo de control ES-MaBCM
005 - FECHA Y HORA DE LA ÚLTIMA TRANSACCIÓN
campo de control 20231019062716.0
008 - CÓDIGOS DE INFORMACIÓN DE LONGITUD FIJA
campo de control de longitud fija 170328t2016 sp||||| |||| 00| 0 spa d
017 ## - NÚMERO DE COPYRIGHT O DE DEPÓSITO LEGAL
Depósito legal B.8862-2016
020 ## - NÚMERO INTERNACIONAL NORMALIZADO PARA LIBROS(ISBN)
Número Internacional Normalizado para Libros (ISBN) 978-84-15663-53-9
021 ## -
-- xx
035 ## - NÚMERO DE CONTROL DEL SISTEMA
Número de control de sistema (OCoLC)978433100
040 ## - FUENTE DE LA CATALOGACIÓN
Centro transcriptor ES-MaBCM
100 1# - PUNTO DE ACCESO PRINCIPAL - NOMBRE DE PERSONA
9 (RLIN) 121023
Nombre de persona Iglesias Cavicchioli, Manuel
245 13 - MENCIÓN DE TÍTULO
Título La visión neoconservadora de las relaciones internacionales y la política exterior de los Estados Unidos
Mención de responsabilidad etc. Manuel Iglesias Cavicchioli
260 ## - PUBLICACIÓN, DISTRIBUCIÓN, ETC. (PIE DE IMPRENTA)
Lugar de publicación distribución etc. Barcelona :
Nombre del editor distribuidor etc. Huygens ,
Fecha de publicación distribución etc. 2016
300 ## - DESCRIPCIÓN FÍSICA
Extensión 280 p. ;
Dimensiones 24 cm
490 0# - MENCIÓN DE SERIE
Mención de serie Colección Ciencia política
504 ## - NOTA DE BIBLIOGRAFÍA, ETC.
Nota de bibliografía etc. Bibliografía: p. [255]-280
520 ## - SUMARIO, ETC.
Sumario etc. En los últimos años, el neoconservadurismo se ha convertido en un concepto clave para entender la política exterior de los EE.UU. y, en consecuencia, para analizar el propio devenir de las relaciones internacionales de la primera década del siglo XXI. El 11-S, la guerra de Afganistán y especialmente la guerra de Irak han situado al neoconservadurismo en el primer plano del debate político internacional. Nos hallamos ante un movimiento político y una concepción teórica que ha desempeñado un papel crucial en la formulación e implementación de la política exterior de la primera superpotencia mundial en un periodo reciente marcado por la alta conflictividad internacional y por la máxima securitización de la agenda. ¿Estamos ante un subtipo de alguna de las escuelas teóricas tradicionales como el realismo o el liberalismo?; ¿cabe considerar al neoconservadurismo como una verdadera teoría de las relaciones internacionales o estamos, únicamente ante una serie de ideas generales en torno a la política exterior americana? En las páginas de esta obra, encontraremos respuesta a estas y otras cuestiones: el autor clarificará qué entendemos exactamente por neoconservadurismo, cuál ha sido su evolución, y realizará un análisis sistemático de la concepción neoconservadora con el objetivo de encontrar su lugar en la teoría de las relaciones internacionales.
650 27 - PUNTO DE ACCESO ADICIONAL DE MATERIA--TÉRMINO DE MATERIA
Término de materia o nombre geográfico como elemento inicial Conservadurismo
9 (RLIN) 58075
650 27 - PUNTO DE ACCESO ADICIONAL DE MATERIA--TÉRMINO DE MATERIA
Término de materia o nombre geográfico como elemento inicial Política internacional
9 (RLIN) 59837
651 #4 - PUNTO DE ACCESO ADICIONAL DE MATERIA--NOMBRE GEOGRÁFICO
Nombre geográfico Estados Unidos
9 (RLIN) 115376
942 ## - ELEMENTOS DE PUNTO DE ACCESO ADICIONAL (KOHA)
Tipo de ítem Koha Libros
Fuente del sistema de clasificación o colocación Universal Decimal Classification
Existencias
Estado de retiro Estado de pérdida Fuente del sistema de clasificación o colocación Estado dañado No para préstamo Localización permanente Ubicación/localización actual Ubicación en estantería Fecha de adquisición Fuente de adquisición Total de préstamos Signatura topográfica completa Código de barras Fecha visto por última vez Fecha del último préstamo Precio válido a partir de Tipo de ítem Koha
    Universal Decimal Classification     Biblioteca Central del Ministerio de la Presidencia Biblioteca Central del Ministerio de la Presidencia Sala 28/03/2017 Compra 1 59336 1071650 02/08/2017 26/06/2017 28/03/2017 Libros